[Event "27th Gniota Memorial"]
[Site "Police POL"]
[Date "2012.07.18"]
[Round "8.4"]
[White "Musialkiewicz,P"]
[Black "Chojnacki,K"]
[Result "1/2-1/2"]
[WhiteElo "2090"]
[BlackElo "2441"]

1.d4 Nf6 2.c4 g6 3.Nc3 Bg7 4.e4 d6 5.Nf3 O-O 6.Be2 e5 7.dxe5 dxe5 8.Qxd8 Rxd8
9.Bg5 Re8 10.Nd5 Nxd5 11.cxd5 c6 12.Bc4 b5 13.Bb3 Bb7 14.Rc1 Rc8 15.Be3 a5
16.a3 Na6 17.dxc6 Bxc6 18.Rxc6 Rxc6 19.Bd5 Rac8 20.Bxc6 Rxc6 21.Kd2 Nc5 22.Bxc5 Rxc5
23.Kd3 Rc4 24.Re1 f6 25.Re2 Bf8 26.Nd2 Rd4+ 27.Kc2 Kf7 28.f3 Ke6 29.Re3 Bh6
30.Rd3 Rxd3 31.Kxd3 Bxd2 32.Kxd2  1/2-1/2

[Event "6th Varna Open"]
[Site "Varna BUL"]
[Date "2012.07.18"]
[Round "7.5"]
[White "Legky,N"]
[Black "Janachkov,A"]
[Result "1-0"]
[WhiteElo "2392"]
[BlackElo "2193"]

1.d4 Nf6 2.Nf3 g6 3.c4 Bg7 4.Nc3 O-O 5.e4 d6 6.Be2 e5 7.d5 a5 8.Bg5 Na6 9.Nd2 Qe8
10.a3 Bd7 11.b3 Kh8 12.Qb1 Ng8 13.b4 f5 14.f3 Bh6 15.Bxh6 Nxh6 16.Qb2 Qe7
17.O-O f4 18.Nd1 g5 19.Nf2 Nf7 20.Rac1 h5 21.h3 Rg8 22.Qc3 b6 23.Rc2 Rg7
24.Ra1 Nh6 25.c5 Nxc5 26.bxc5 bxc5 27.Rb1 Rh7 28.Rcb2 Rg8 29.Rb8 g4 30.Rxg8+ Kxg8
31.Rb8+ Kf7 32.fxg4 hxg4 33.hxg4 Nxg4 34.Bxg4 Bxg4 35.Nxg4 Rh1+ 36.Kxh1 Qh4+
37.Qh3  1-0

[Event "GER-POL w Match 2012"]
[Site "Gladenbach GER"]
[Date "2012.07.19"]
[Round "3.5"]
[White "Klek,H"]
[Black "Szczepkowska Horowska,K"]
[Result "0-1"]
[WhiteElo "2238"]
[BlackElo "2376"]

1.Nf3 g6 2.c4 Bg7 3.d4 d6 4.Nc3 Nf6 5.e4 O-O 6.Be2 Nbd7 7.O-O e5 8.Be3 c6
9.d5 c5 10.Ne1 Ne8 11.a3 f5 12.f3 Ndf6 13.b4 b6 14.Nd3 f4 15.Bf2 g5 16.Rb1 h5
17.Qd2 g4 18.Kh1 Nh7 19.Bd1 Ng5 20.Qe1 Bf6 21.Rg1 Kh8 22.Qe2 Rg8 23.Ba4 a6
24.bxc5 bxc5 25.Bc6 Ra7 26.Nxc5 dxc5 27.Bxc5 Rag7 28.Bb6 Qe7 29.c5 gxf3 30.gxf3 Nh3
31.Rgf1 Bh4 32.d6 Qg5  0-1

[Event "5th Paleochora Open"]
[Site "Paleochora GRE"]
[Date "2012.07.19"]
[Round "5.16"]
[White "Naoum,S"]
[Black "Polzin,R"]
[Result "0-1"]
[WhiteElo "2123"]
[BlackElo "2469"]

1.d4 Nf6 2.c4 g6 3.Nc3 Bg7 4.e4 d6 5.Nf3 O-O 6.Be2 e5 7.O-O Na6 8.Re1 Qe8
9.Bf1 Bg4 10.Be3 Nd7 11.Be2 Bxf3 12.Bxf3 exd4 13.Bxd4 Bxd4 14.Qxd4 Qe5 15.Qd2 Rad8
16.Rad1 Nf6 17.g3 c6 18.Bg2 Rfe8 19.a3 h5 20.b4 h4 21.f4 Qh5 22.e5 dxe5 23.Qxd8 Rxd8
24.Rxd8+ Kg7 25.Rxe5 Qh6 26.Bf3 Nc7 27.Kg2 Ne6 28.Rd1 Nxf4+ 29.Kg1 hxg3 30.hxg3 Qh3
31.Ne2 Ng4  0-1

[Event "7th Nana Aleksandria Cup"]
[Site "Poti GEO"]
[Date "2012.07.19"]
[Round "7.16"]
[White "Sibashvili,G"]
[Black "Vepkhvishvili,V"]
[Result "0-1"]
[WhiteElo "2033"]
[BlackElo "2278"]

1.d4 Nf6 2.c4 g6 3.Nc3 Bg7 4.e4 d6 5.Nf3 O-O 6.Be2 Nbd7 7.O-O e5 8.Qc2 h6
9.Rd1 Ng4 10.dxe5 Ndxe5 11.Nxe5 Bxe5 12.h3 Nxf2 13.Kxf2 Qh4+ 14.Ke3 f5 15.Bf3 fxe4
16.Qxe4 Qf6 17.Nd5 Qg7 18.Nxc7 Qxc7 19.Qxg6+ Bg7 20.Qxd6 Qf7 21.Kf2 Bxh3
22.Kg1 Be6 23.Be3 Rae8 24.Bxa7 Bxb2 25.Rab1 Qg7 26.Bd4 Bxd4+ 27.Qxd4 Qg5
28.Bxb7 Rf4 29.Qe3 Rf1+ 30.Kxf1 Qxe3 31.Rbc1 Rf8+  0-1

[Event "7th Nana Aleksandria Cup"]
[Site "Poti GEO"]
[Date "2012.07.19"]
[Round "8.2"]
[White "Lomineishvili,M"]
[Black "Hayrapetian,A"]
[Result "1/2-1/2"]
[WhiteElo "2360"]
[BlackElo "2363"]

1.d4 Nf6 2.c4 g6 3.Nc3 Bg7 4.e4 d6 5.Nf3 O-O 6.Be2 Na6 7.O-O e5 8.Be3 Ng4
9.Bg5 Qe8 10.dxe5 dxe5 11.h3 h6 12.Bd2 Nf6 13.Be3 Qe7 14.Nd5 Qd8 15.Qc1 Kh7
16.Nxf6+ Qxf6 17.c5 Nb8 18.b4 Nc6 19.Qb2 Nd4 20.Bxd4 exd4 21.e5 Qf4 22.Rad1 Bxe5
23.Nxe5 Qxe5 24.Bc4 a5 25.a3 axb4  1/2-1/2

[Event "16th Battle of Senta Open A"]
[Site "Senta SRB"]
[Date "2012.07.19"]
[Round "7.12"]
[White "Kumic,F"]
[Black "Saric,S"]
[Result "1/2-1/2"]
[WhiteElo "2216"]
[BlackElo "2462"]

1.d4 Nf6 2.c4 g6 3.Nc3 Bg7 4.e4 d6 5.Nf3 O-O 6.Be2 Na6 7.O-O e5 8.Be3 Ng4
9.Bg5 f6 10.Bc1 Nh6 11.Be3 c6 12.Rb1 Nf7 13.dxe5 fxe5 14.b4 Nc7 15.Nd2 Ne6
16.Nb3 Nf4 17.Kh1 Be6 18.f3 Qe7 19.Rb2 Rfd8 20.Rd2 h5 21.Re1 g5 22.Bf1 Qf6
23.g3 Ng6 24.c5 Bf8 25.Be2 h4 26.Na5 Rd7 27.b5 Qd8 28.Bc4 d5 29.exd5 cxd5
30.Bxd5 Rxd5 31.Nxb7 Rxd2 32.Qxd2 Qxd2 33.Bxd2 Bc8 34.Nd6 Bxd6 35.cxd6 Bb7
36.Ne4 hxg3 37.hxg3 Bxe4 38.Rxe4 Nxd6 39.Rb4 Rb8 40.a4 Nf7 41.Rg4 Kg7 42.Bxg5 Nxg5
43.Rxg5 Rd8 44.Rg4 Rd3 45.Kg2 Ra3 46.Rc4 Kh6 47.f4 exf4 48.gxf4 Kh5 49.Kf2 Kg4
50.Ke2 Nxf4+ 51.Kd2 Kf5 52.Kc2 Nd5 53.Kb2 Rh3 54.a5 Rh7 55.b6 Rb7 56.Rc8 Ke5
57.Kc1 a6 58.Kb2 Kd4 59.Kb3 Rh7 60.Ra8 Kc5 61.Rxa6 Rh3+ 62.Kb2 Rh2+ 63.Kb3 Rh3+
64.Kb2 Nb4 65.Ra8 Rh7 66.Kb3 Kb5 67.Kc3 Nc6 68.Rc8 Nxa5 69.Rc7 Rh3+ 70.Kd4 Nc6+
71.Kd5 Rh5+ 72.Ke4 Kxb6 73.Rf7 Re5+ 74.Kd3 Kc5 75.Rf4 Nb4+ 76.Kd2 Rh5 77.Rg4 Rh3
78.Rg5+ Nd5 79.Rg4 Nf6 80.Ra4 Nd7 81.Ra5+ Kd4 82.Ra4+ Kd5 83.Rg4 Nc5 84.Kc2 Rh2+
85.Kc3 Ne4+ 86.Kb3 Kd4 87.Rf4 Re2 88.Rh4 Rf2 89.Rg4 Rf3+ 90.Kb4 Rf8 91.Kb5 Kd5
92.Kb6 Rf6+ 93.Kb5 Rf1 94.Kb6 Rb1+ 95.Kc7 Rc1+ 96.Kb6 Nf6 97.Rg5+ Kd6 98.Rg6 Rb1+
99.Ka6 Ke6 100.Ka5 Ke5 101.Ka4 Ne4 102.Rg8 Kd5 103.Ka3 Kc4 104.Rc8+ Nc5 105.Rc7 Rb3+
106.Ka2 Rb5 107.Rc8 Kc3 108.Rc7 Kd2 109.Rh7 Kc2 110.Rh2+ Kc3 111.Rh3+ Nd3
112.Rg3 Rh5 113.Re3 Ra5+ 114.Kb1 Ra8 115.Rh3 Rb8+ 116.Ka2 Rb7 117.Rg3 Rh7
118.Re3 Rh2+ 119.Ka3 Kc2 120.Rg3 Rh5 121.Rg2+ Kc3 122.Ka2  1/2-1/2

[Event "6th Varna Open"]
[Site "Varna BUL"]
[Date "2012.07.20"]
[Round "9.3"]
[White "Nikolov,Sas"]
[Black "Janev,T"]
[Result "1/2-1/2"]
[WhiteElo "2386"]
[BlackElo "2397"]

1.c4 Nf6 2.d4 d6 3.Nf3 g6 4.Nc3 Bg7 5.e4 O-O 6.Be2 e5 7.O-O exd4 8.Nxd4 Re8
9.f3 Nc6 10.Be3 Nh5 11.Nxc6 bxc6 12.Qd2 Qe7 13.Rad1 a5 14.c5 d5 15.Bd4 Bxd4+
16.Qxd4 Nf4 17.Rfe1 Qg5 18.Bf1 Ba6 19.g3 Bxf1 20.Kxf1 Ne6 21.Qf2 d4 22.Ne2 Rab8
23.Nxd4 Qxc5 24.b3 a4 25.Nxe6 Qb5+ 26.Qe2 Rxe6 27.Qxb5 cxb5 28.b4 Kf8 29.Rc1 Rd8
30.Rxc7 Rd4 31.Kf2 Rxb4 32.Rd1 Rb2+ 33.Ke3 Rxa2 34.Rdd7 Ra3+ 35.Ke2 Ra2+
36.Ke3 Ra3+ 37.Ke2 Ra2+  1/2-1/2

[Event "Turkish Bank Chess League 2012"]
[Site "Konya TUR"]
[Date "2012.07.21"]
[Round "12"]
[White "Arduman,C"]
[Black "Agamaliev,G"]
[Result "1-0"]
[WhiteElo "2336"]
[BlackElo "2518"]

1.d4 Nf6 2.c4 g6 3.Nc3 Bg7 4.e4 O-O 5.Nf3 d6 6.Be2 Nbd7 7.O-O e5 8.Re1 h6
9.Bf1 Nh7 10.dxe5 dxe5  1-0

[Event "Turkish Bank Chess League 2012"]
[Site "Konya TUR"]
[Date "2012.07.21"]
[Round "12"]
[White "Polatel,A"]
[Black "Eden,Y"]
[Result "1-0"]
[WhiteElo "2129"]
[BlackElo "1754"]

1.Nf3 Nf6 2.c4 g6 3.Nc3 Bg7 4.e4 d6 5.d4 O-O 6.Be2 e5 7.O-O Nbd7 8.Be3 Re8
9.d5 Ng4 10.Bg5 Ngf6 11.Nd2 h6 12.Bh4 a5 13.a3 b6 14.b4 Bb7 15.Qc2 Qe7 16.Rab1 c6
17.dxc6 Bxc6 18.Nd5 Bxd5 19.cxd5 Rec8 20.Qb3 Rc7 21.Rfc1 Rac8 22.Rxc7 Rxc7
23.f3 axb4 24.axb4 Qd8 25.Nc4 Bf8 26.Bf2 Rc8 27.Ra1 Ne8 28.Bf1 Rb8 29.Ra7 Nc7
30.Na3 Ne8 31.Bb5 Nef6 32.Qa4 Qc8 33.Nc4 h5 34.h4 Rb7 35.Qa6 Rc7 36.Qxc8 Rxc8
37.Be3 Be7 38.Kf2 Kf8 39.Ke2 Kg8 40.Kd3 Rd8 41.Bc6 Kf8 42.Kc3 Rc8 43.Kb3 Rd8
44.Ka4 Kg7 45.Kb5 Kf8 46.Bh6+ Ke8 47.Bg7 Ng8 48.Nxb6 f6 49.Bxd7+ Kf7 50.Be6+ Kxg7
51.Bxg8  1-0

[Event "5th Paleochora Open"]
[Site "Paleochora GRE"]
[Date "2012.07.21"]
[Round "7.18"]
[White "Henrichs,T"]
[Black "Rigopoulos Tsigkos,A"]
[Result "1-0"]
[WhiteElo "2505"]
[BlackElo "2093"]

1.c4 Nf6 2.Nc3 g6 3.Nf3 Bg7 4.e4 d6 5.d4 O-O 6.Be2 e5 7.d5 a5 8.Bg5 h6 9.Bh4 Na6
10.Nd2 Bd7 11.O-O Qe8 12.Kh1 Nc5 13.b3 Nh7 14.Nb5 Rc8 15.a3 f5 16.exf5 Bxf5
17.b4 Ne4 18.Nxe4 Bxe4 19.c5 g5 20.Bg3 Qe7 21.Bg4 Bf5 22.Bxf5 Rxf5 23.Rc1 Rd8
24.bxa5 Qf7 25.cxd6 cxd6 26.Rc7 Qe8 27.Rxb7 h5 28.h3 h4 29.Bh2 Qf8 30.a6 Nf6
31.Nc7 Ne4 32.Ne6  1-0

[Event "23rd Czech Open A"]
[Site "Pardubice CZE"]
[Date "2012.07.21"]
[Round "2.62"]
[White "Jedlicka,A"]
[Black "Neuman,P"]
[Result "0-1"]
[WhiteElo "2205"]
[BlackElo "2476"]

1.d4 Nf6 2.c4 g6 3.Nc3 Bg7 4.e4 d6 5.Be2 O-O 6.Nf3 e5 7.O-O Nh5 8.g3 Bh3
9.Re1 exd4 10.Nxd4 Nf6 11.Bg5 Nc6 12.Nxc6 bxc6 13.Qd2 Qd7 14.Rac1 Rfe8 15.f3 h5
16.Bf1 Bxf1 17.Rxf1 Qe6 18.Ne2 a5 19.Be3 Nxe4 20.fxe4 Qxe4 21.Kf2 Bxb2 22.Rc2 Bg7
23.Bd4 Qxe2+ 24.Qxe2 Bxd4+ 25.Kf3 Rxe2 26.Rxe2 Kf8 27.Ke4 Be5 28.Rb1 Ke7
29.c5 a4 30.Rb7 Kd7 31.cxd6 Bxd6 32.Kd3 a3 33.Rb1 Ra4 34.Rf2 f5 35.Rb8 Ke7
36.Rh8 Kf6 37.Rh7 Rb4 38.Re2 Rb1 39.Kc2 Rf1 40.Kb3 f4 41.gxf4 Rxf4 42.Rg2 Rh4
43.Rh6 Rg4 44.Rxg4 hxg4 45.Kc2 Kg5 46.Rh7 Kf4 47.Kd2 Kf3 48.Kd3 g5 49.Rh5 Bxh2
50.Rxh2 g3 51.Rc2 g2 52.Rc1 Kf2 53.Rc2+ Kg3  0-1

[Event "2nd Science Park Open A"]
[Site "Amsterdam NED"]
[Date "2012.07.22"]
[Round "9"]
[White "Dehmel,J"]
[Black "De Roode,M"]
[Result "0-1"]
[WhiteElo "2094"]
[BlackElo "2100"]

1.d4 Nf6 2.c4 g6 3.Nc3 Bg7 4.e4 d6 5.Nf3 O-O 6.Be2 Na6 7.O-O e5 8.Be3 Ng4
9.Bg5 Qe8 10.dxe5 dxe5 11.h3 h6 12.Bh4 Nf6 13.Re1 g5 14.Bg3 Nh5 15.Bh2 Nf4
16.Bf1 Qe7 17.a3 c6 18.b4 Nc7 19.c5 Rd8 20.Qc1 Nce6 21.Qe3 Nd4 22.Rac1 Be6
23.Nd2 b5 24.cxb6 axb6 25.Ncb1 b5 26.Nf3 Qa7 27.Red1 Ba2 28.Rc3 Nde2+ 29.Bxe2 Qxe3
30.Rxd8+ Rxd8 31.Rxe3 Bxb1 32.Ne1 Rd2 33.Bg4 Bf8 34.g3 Nd3 35.Nxd3 Bxd3 36.f4 c5  0-1

[Event "27th Avoine Open"]
[Site "Avoine FRA"]
[Date "2012.07.22"]
[Round "2.21"]
[White "Stephan,V"]
[Black "Dubois,Pi"]
[Result "1-0"]
[WhiteElo "2253"]
[BlackElo "1961"]

1.d4 Nf6 2.c4 g6 3.Nc3 Bg7 4.e4 O-O 5.Nf3 d6 6.Be2 e5 7.dxe5 dxe5 8.Qxd8 Rxd8
9.Nd5 Nxd5 10.cxd5 c6 11.Bc4 cxd5 12.Bxd5 Nc6 13.Bg5 Re8 14.O-O-O Be6 15.Bxe6 Rxe6
16.Rd7 f6 17.Be3 b6 18.g4 Rc8 19.Kb1 Re7 20.Rhd1 Rc7 21.R7d2 Kf8 22.h4 Ke8
23.h5 Red7 24.Nh4 Ne7 25.f3 Rxd2 26.Rxd2 Rd7 27.Kc2 Rxd2+ 28.Kxd2 Kf7 29.Kc3 Nc6
30.Kc4 Bf8 31.a3 Be7 32.Kb5 Nb8 33.Bf2 Bd8 34.Kc4 Be7 35.Kd5 Bf8 36.Ng2 g5
37.Be1 a6 38.Ne3 Bc5 39.Nf5  1-0

[Event "Sparkassen Open A"]
[Site "Dortmund GER"]
[Date "2012.07.22"]
[Round "9.15"]
[White "Wagner,Al"]
[Black "Zimmermann,Dir"]
[Result "1-0"]
[WhiteElo "2216"]
[BlackElo "2069"]

1.d4 Nf6 2.c4 g6 3.Nc3 Bg7 4.e4 d6 5.Nf3 O-O 6.Be2 Nbd7 7.O-O e5 8.d5 Nc5
9.Qc2 a5 10.Bg5 Bd7 11.Nd2 h6 12.Bh4 Qe8 13.b3 Nh7 14.a3 f5 15.f3 g5 16.Bf2 f4
17.b4 axb4 18.axb4 Na6 19.c5 Qc8 20.c6 bxc6 21.dxc6 Be6 22.Qa4 h5 23.Bxa6 Qd8
24.Qc2 g4 25.Ne2 Qg5 26.Bc4 Rae8 27.Bxe6+ Rxe6 28.Qb3 Rf6 29.Ra8+ Nf8 30.Rd1 Rg6
31.b5 h4 32.fxg4 Qxg4 33.Qf3  1-0

[Event "Turkish Bank Chess League 2012"]
[Site "Konya TUR"]
[Date "2012.07.22"]
[Round "13"]
[White "Sengul,C"]
[Black "Klinova,M"]
[Result "1/2-1/2"]
[WhiteElo "2194"]
[BlackElo "2318"]

1.Nf3 g6 2.c4 Bg7 3.d4 Nf6 4.Nc3 O-O 5.e4 d6 6.Be2 e5 7.d5 Nbd7 8.Bg5 a5
9.Nd2 Nc5 10.O-O Qe8 11.b3 Nfd7 12.Nb5 Na6 13.a3 f6 14.Be3 f5 15.f3 Nf6 16.b4 Bd7
17.Rb1 axb4 18.axb4 f4 19.Bf2 g5 20.Nc3 Qg6 21.b5 Nc5 22.Bxc5 dxc5 23.b6 c6
24.dxc6 Bxc6 25.Nd5 Rf7 26.Ra1 Rxa1 27.Qxa1 Nd7 28.Qa8+ Bf8 29.Rb1 Kg7 30.Kh1 Bd6
31.Qa5 Rf8 32.Bd1 Nb8 33.Ba4 g4 34.Bxc6 Nxc6 35.Qc3 Nd4 36.Nb3 Ra8 37.Nxd4 cxd4
38.Qb2 g3 39.h3 Rc8 40.Qb5 Qe8 41.Qxe8 Rxe8 42.Ra1 Rc8 43.Ra4 d3 44.Kg1 d2
45.Nc3 Rc6 46.Kf1 Rxb6 47.Ke2 Bc5 48.Nd1 Bb4 49.Ra8 Rc6 50.Kd3 Rd6+ 51.Ke2 Rd7
52.Ra4 Bc5 53.Ra2 Rd4 54.Rc2 Bb4 55.c5 Rd8 56.Rb2 Rd4 57.Rc2 Rd8 58.Rb2 Rd4  1/2-1/2

[Event "5th Paleochora Open"]
[Site "Paleochora GRE"]
[Date "2012.07.23"]
[Round "9.18"]
[White "Naoum,S"]
[Black "Nitin,S"]
[Result "1/2-1/2"]
[WhiteElo "2123"]
[BlackElo "2417"]

1.Nf3 Nf6 2.d4 g6 3.c4 Bg7 4.Nc3 d6 5.e4 O-O 6.Be2 e5 7.O-O Nbd7 8.Re1 c6
9.a3 a5 10.Rb1 exd4 11.Nxd4 Nc5 12.Bf1 Re8 13.f3 a4 14.b4 axb3 15.Nxb3 Nfd7
16.Bb2 Qb6 17.Nxc5 Qxc5+ 18.Kh1 Nb6 19.Qb3 Be6 20.Nd5 cxd5 21.Bxg7 dxc4 22.Qb2 Na4
23.Qf6 Qe5 24.Rxb7 Nc5 25.Rc7 Nd3 26.Bxd3 cxd3 27.Rc3 d2 28.Rd1 Rac8 29.Qxe5 dxe5
30.Bxe5 Bb3 31.Rxd2 f5 32.h3 Rxc3 33.Bxc3 fxe4 34.fxe4 Rxe4 35.Rd8+ Kf7  1/2-1/2

[Event "23rd Czech Open A"]
[Site "Pardubice CZE"]
[Date "2012.07.23"]
[Round "4.47"]
[White "Tvarijonas,P"]
[Black "Jorczik,J"]
[Result "0-1"]
[WhiteElo "2324"]
[BlackElo "2399"]

1.Nf3 Nf6 2.c4 g6 3.Nc3 Bg7 4.d4 O-O 5.e4 d6 6.Be2 e5 7.O-O Nbd7 8.dxe5 dxe5
9.Be3 c6 10.Qd6 Re8 11.Rfd1 Bf8 12.Qd2 Qc7 13.a3 a5 14.Ne1 Nc5 15.Qc2 a4
16.Rab1 Qa5 17.h3 Be6 18.Nf3 Nb3 19.Na2 Bc5 20.Bg5 Nd7 21.Nc1 f6 22.Bh6 Qb6
23.Bf1 Nxc1 24.Rbxc1 Red8 25.Rd3 Be7 26.c5 Nxc5 27.Be3 Ra5 28.Rc3 Bb3 29.Bc4+ Kg7
30.Qe2 Bxc4 31.Rxc4 Qb5 32.Nh4 Nb3 33.R1c3 Nd4 34.Qg4 Qxb2 35.Kh2 Qe2 36.Nf5+ Kf8
37.Bh6+ Kf7 38.f3 gxf5 39.Qh5+ Ke6 40.exf5+ Nxf5 41.Re4 Qf2 42.Qg4 Rd1 43.Be3 Qf1
44.Qg8+ Kd7  0-1

[Event "23rd Czech Open A"]
[Site "Pardubice CZE"]
[Date "2012.07.23"]
[Round "4.13"]
[White "Lalith,B"]
[Black "Neuman,P"]
[Result "1/2-1/2"]
[WhiteElo "2529"]
[BlackElo "2476"]

1.d4 Nf6 2.c4 g6 3.Nc3 Bg7 4.e4 d6 5.Be2 O-O 6.Nf3 e5 7.O-O Nh5 8.Re1 Nf4
9.dxe5 dxe5 10.Qxd8 Rxd8 11.Bxf4 exf4 12.Nd5 Na6 13.Rab1 Bg4 14.Nxf4 Nc5
15.h3 Bxf3 16.Bxf3 Be5 17.b4  1/2-1/2

[Event "27th Avoine Open"]
[Site "Avoine FRA"]
[Date "2012.07.24"]
[Round "4.8"]
[White "Stephan,V"]
[Black "Petre,NT"]
[Result "1/2-1/2"]
[WhiteElo "2253"]
[BlackElo "2362"]

1.d4 Nf6 2.c4 d6 3.Nf3 g6 4.Nc3 Bg7 5.e4 O-O 6.Be2 e5 7.dxe5 dxe5 8.Qxd8 Rxd8
9.Nd5 Nxd5 10.cxd5 c6 11.Bc4 b5 12.Bb3 Bb7 13.Bg5 Rd7 14.Rc1 a5 15.Ke2 a4
16.dxc6 Nxc6 17.Bd5 Na5 18.Bxb7 Rxb7 19.Nd2 f6 20.Be3 Bf8 21.Rhd1 Kf7 22.Bc5 Bh6
23.Bb4 Bxd2 24.Rxd2 Nc4 25.Rdc2 Ra6 26.f3 Rba7 27.b3 axb3 28.axb3 Nd6 29.g4 Ke6
30.Rc7 Ne8 31.R1c6+ Rxc6 32.Rxa7 Nc7 33.Kd3 Kd7 34.Ba5 Kd6 35.Rb7 h5 36.h4 Na6
37.b4 Nc7 38.gxh5 gxh5 39.Bxc7+ Rxc7 40.Rxb5 Rc1 41.Rb6+ Ke7 42.Rb7+ Ke6
43.b5 Rf1 44.Ke3 Re1+ 45.Kf2 Rb1 46.Rb8 Rb2+ 47.Kg3 Kf7 48.b6 Kg6 49.b7 Kg7
50.Kh3 Kh7 51.Rf8 Rxb7 52.Rxf6 Rb5 53.Kg3 Ra5 54.Rd6 Ra8 55.Rd5 Rg8+ 56.Kf2 Re8
57.Ke3 Kg6 58.f4 exf4+ 59.Kxf4 Rf8+ 60.Rf5 Ra8 61.Rg5+ Kh6 62.e5 Ra4+ 63.Kf5 Rxh4
64.e6 Rh1 65.Rg6+ Kh7 66.Rg2 Rf1+ 67.Ke5 Re1+ 68.Kd6 Kh6 69.e7 h4 70.Rg8 Kh5
71.e8=Q+ Rxe8 72.Rxe8 h3 73.Ke5 Kg4 74.Ke4 h2 75.Rh8 Kg3 76.Ke3 Kg2 77.Rg8+ Kf1
78.Rh8 Kg2 79.Rxh2+  1/2-1/2

[Event "99th ch-GBR 2012"]
[Site "North Shields ENG"]
[Date "2012.07.24"]
[Round "2.25"]
[White "Elwin,A"]
[Black "Hanley,Ja"]
[Result "0-1"]
[WhiteElo "1985"]
[BlackElo "2244"]

1.d4 Nf6 2.c4 g6 3.Nc3 Bg7 4.e4 d6 5.Be2 O-O 6.Nf3 e5 7.dxe5 dxe5 8.Qxd8 Rxd8
9.Bg5 Re8 10.O-O-O h6 11.Bh4 c6 12.Rd6 Nbd7 13.Rhd1 g5 14.Bg3 Bf8 15.R6d3 a5
16.h4 g4 17.Nh2 h5 18.f3 Nc5 19.Rd8 Rxd8 20.Rxd8 Nfd7 21.fxg4 Ne6 22.Rxd7 Bxd7
23.Bxe5 Re8 24.gxh5 Nc5 25.Bf6 Nxe4 26.Nxe4 Rxe4 27.Bd3 Re1+ 28.Kc2 Bh6 29.Nf3 Rc1+
30.Kb3 b5 31.Ng5 bxc4+ 32.Bxc4 a4+ 33.Kb4 Bf8+  0-1

[Event "27th Avoine Open"]
[Site "Avoine FRA"]
[Date "2012.07.25"]
[Round "5.48"]
[White "Fretel,D"]
[Black "Robert,P"]
[Result "0-1"]
[WhiteElo "1777"]
[BlackElo "2087"]

1.d4 Nf6 2.c4 g6 3.Nc3 Bg7 4.e4 d6 5.Nf3 O-O 6.Be2 Nbd7 7.O-O e5 8.d5 Nc5
9.Qc2 a5 10.Be3 Nfd7 11.a3 a4 12.Nd2 f5 13.f3 f4 14.Bf2 g5 15.b4 axb3 16.Nxb3 h5
17.Nxc5 dxc5 18.Nb5 Ra6 19.Rfd1 Rg6 20.Na7 g4 21.Nxc8 Qxc8 22.Kh1 g3 23.Bg1 gxh2
24.Bxh2 Bh6 25.Rg1 h4 26.Qb2 Kh7 27.Bd3 Rf7 28.Rab1 b6 29.Bc2 Re7 30.Ba4 Nf6
31.Rgd1 Nh5 32.Rd2 Ng3+ 33.Kg1 h3 34.Rbd1 Qg8 35.Bb5 Bf8 36.d6 cxd6 37.Rxd6 Ne2+
38.Kf1 Rxg2  0-1

[Event "Dutch Open 2012"]
[Site "Dieren NED"]
[Date "2012.07.25"]
[Round "2.10"]
[White "Arjun,B"]
[Black "Schouten,N"]
[Result "1-0"]
[WhiteElo "2250"]
[BlackElo "2232"]

1.Nf3 Nf6 2.c4 g6 3.Nc3 Bg7 4.e4 d6 5.d4 O-O 6.Be2 e5 7.O-O exd4 8.Nxd4 Re8
9.f3 c6 10.Be3 d5 11.cxd5 cxd5 12.Qb3 Nc6 13.Rad1 Qe7 14.Bb5 Bd7 15.Nxd5 Nxd5
16.Qxd5 Nxd4 17.Qxd7 Qb4 18.Qxe8+ Rxe8 19.Bxe8 Qxb2 20.Rd3 Kf8 21.Bd7 Be5
22.Rfd1 Nxf3+ 23.gxf3 Qxh2+ 24.Kf1 h5 25.Bf2 h4 26.Bg4 h3 27.Bc5+ Kg7 28.R3d2 Qg3
29.Bg1 Qh4 30.Bh2 Bc3 31.Rc2 Ba5 32.Be5+ f6 33.Bf4 f5 34.Be5+ Kh6 35.exf5 Qe7
36.Bf4+ g5 37.f6 Qb4 38.Bd6 Qb5+ 39.Kg1 Kg6 40.Be7 Qe5 41.Kh1 Bc7 42.Ba3 Bb8
43.Bh5+ Kxh5 44.f7 Qf5 45.f8=Q Qxc2 46.Qf7+ Kh4 47.Rd4+ Kg3 48.Rg4+ Kf2 49.Rg1 b6
50.Qe6 Qh7 51.Bb4  1-0

[Event "27th Avoine Open"]
[Site "Avoine FRA"]
[Date "2012.07.26"]
[Round "6.26"]
[White "Duhayon,Y"]
[Black "Dubois,Pi"]
[Result "1/2-1/2"]
[WhiteElo "2221"]
[BlackElo "1961"]

1.d4 Nf6 2.Nf3 g6 3.c4 Bg7 4.Nc3 O-O 5.e4 d6 6.Be2 e5 7.d5 a5 8.Be3 Na6 9.Nd2 Ne8
10.g4 f5 11.exf5 gxf5 12.gxf5 Bxf5 13.Nde4 Nc5 14.Nxc5 dxc5 15.Bxc5 Nd6 16.Qd2 Qh4
17.Rg1 Kh8 18.O-O-O Rf7 19.Be3 Nxc4  1/2-1/2

[Event "21st Kavala Open A"]
[Site "Kavala GRE"]
[Date "2012.07.26"]
[Round "2"]
[White "Saric,S"]
[Black "Ladopoulos,D"]
[Result "1-0"]
[WhiteElo "2462"]
[BlackElo "2010"]

1.d4 Nf6 2.c4 g6 3.Nc3 Bg7 4.e4 d6 5.Nf3 O-O 6.Be2 e5 7.Be3 c6 8.Qd2 Na6
9.Rd1 Qe7 10.Bg5 Re8 11.d5 c5 12.h3 Qf8 13.Nh2 Kh8 14.h4 h6 15.Be3 Ng8 16.g4 f5
17.f3 Bf6 18.Nf1 f4 19.Bf2 Bd8 20.Nb1 Nc7 21.a3 a5 22.Nc3 Bd7 23.Rb1 Rb8
24.Qc2 Ne7 25.Nd2 Nc8 26.h5 g5 27.O-O Na7 28.b4 Na6 29.b5 Nc8 30.bxa6 b6
31.Rb2 Ra8 32.Rfb1 Rxa6 33.Bd3 Re7 34.Qd1 Be8 35.Bc2 Rb7 36.Kg2 Qe7 37.Nb3 Rb8
38.Nc1 Rba8 39.Ba4 Bxa4 40.Nxa4 Kg8 41.Nd3 Bc7 42.Rb5 Kf8 43.Qc1 Ke8 44.Kf1 R8a7
45.Ndxc5 dxc5 46.Nxc5 bxc5 47.Bxc5 Nd6 48.Bxa7 Rxa7 49.R5b2 Qd7 50.c5 Nf7
51.Qc4 Bd8 52.Rb8 Rc7 53.Qb5 Qxb5+ 54.R1xb5 Ra7 55.Ke2 Ra6 56.Kd3 Kd7 57.R5b7+ Bc7
58.Rg8 Rf6 59.Rg6  1-0

[Event "PAB Romania Open 2012"]
[Site "Arad ROU"]
[Date "2012.07.27"]
[Round "8.18"]
[White "Joo,J"]
[Black "Levay,S"]
[Result "0-1"]
[WhiteElo "2049"]
[BlackElo "2267"]

1.Nf3 g6 2.c4 Bg7 3.Nc3 d6 4.d4 Nf6 5.e4 O-O 6.Be2 Na6 7.O-O e5 8.Be3 Ng4
9.Bg5 Qe8 10.d5 f6 11.Bd2 Nh6 12.Ne1 Nf7 13.Bg4 f5 14.exf5 gxf5 15.Bh5 Qe7
16.f4 e4 17.Be3 Nc5 18.Rc1 a5 19.Rc2 Bd7 20.Kh1 Nh8 21.g4 fxg4 22.Rg2 Nd3
23.Nxd3 exd3 24.Qxd3 Qh4 25.Bxg4 Bxg4 26.f5 Bh3 27.Rxg7+ Kxg7 28.Bd4+ Kf7
29.Rf3 Rg8 30.Rg3 Rxg3 31.hxg3 Bxf5+ 32.gxh4 Bxd3  0-1

[Event "27th Avoine Open"]
[Site "Avoine FRA"]
[Date "2012.07.27"]
[Round "7.2"]
[White "Lazarev,V"]
[Black "Marholev,D"]
[Result "1/2-1/2"]
[WhiteElo "2442"]
[BlackElo "2356"]

1.d4 Nf6 2.c4 g6 3.Nc3 Bg7 4.e4 d6 5.Nf3 O-O 6.Be2 e5 7.Be3 Ng4 8.Bg5 f6
9.Bc1 exd4 10.Nxd4 f5 11.O-O fxe4 12.Bxg4 Bxg4 13.Qxg4 Bxd4 14.Qxe4 Nc6 15.Bh6 Bg7
16.Bxg7 Kxg7 17.Nd5 Re8 18.Qd3 Ne5 19.Qb3 Rb8 20.f4 c6 21.Ne3 Nd7 22.Rad1 Qb6
23.Rxd6 Qxb3 24.Rxd7+ Kg8 25.axb3 Rxe3 26.Rf3 Rxf3 27.gxf3 a5 28.Kf2 c5 29.Rc7 b5
30.Rxc5 bxc4 31.bxc4 Rxb2+ 32.Kg3 Rc2 33.Rxa5 Rxc4 34.Ra7 Rc5 35.h4 Rf5 36.Re7 Kh8
37.Re5 Rf7 38.Kg4 Kg7 39.f5 Kh6 40.fxg6 hxg6 41.f4 Ra7 42.h5 gxh5+ 43.Rxh5+ Kg6
44.Rb5 Ra6 45.Rb4 Rf6 46.Rb5 Ra6 47.Rg5+ Kf7 48.Rh5 Kg6 49.f5+ Kg7 50.Kg5 Ra1
51.f6+ Kf8 52.Rh7 Rg1+ 53.Kf5 Rf1+ 54.Ke6 Re1+ 55.Kd7 Rd1+  1/2-1/2

[Event "27th Avoine Open"]
[Site "Avoine FRA"]
[Date "2012.07.27"]
[Round "7.29"]
[White "Julien,Jules-Alois"]
[Black "Eden,J"]
[Result "1/2-1/2"]
[WhiteElo "1827"]
[BlackElo "2129"]

1.d4 Nf6 2.c4 g6 3.Nc3 Bg7 4.e4 d6 5.Nf3 O-O 6.Be2 e5 7.d5 a5 8.Bg5 h6 9.Bh4 g5
10.Bg3 Nh5 11.Nd2 Nf4 12.Bxf4 exf4 13.O-O Nd7 14.Rc1 Ne5 15.h3 b6 16.Nf3 Bd7
17.Nd4 Qf6 18.Ncb5 Rac8 19.a3 Qg6 20.Re1 Qxe4 21.b4 axb4 22.axb4 Qg6 23.c5 f5
24.c6 Be8 25.Ne6 f3 26.Bxf3 g4 27.Nxf8 Bxf8 28.hxg4 fxg4 29.Be4 Qf6 30.Nd4 h5
31.Bf5 Rb8 32.Be6+ Kh8 33.Rxe5 Qxe5 34.Nb5 Bh6 35.Ra1 Bxc6 36.Nxc7 Bb7 37.Ra3 Qf4
38.b5 Rf8 39.Qc2 Bg7 40.g3 Qb4 41.Re3 Bd4 42.Re2 Qa3 43.Kh2 h4 44.Qg6 Rxf2+
45.Rxf2 Qxg3+ 46.Kh1 Qh3+ 47.Kg1 Qg3+ 48.Kh1 Qh3+  1/2-1/2

[Event "27th Avoine Open"]
[Site "Avoine FRA"]
[Date "2012.07.27"]
[Round "7.40"]
[White "Wenzel,J"]
[Black "O'Sullivan,Thomas"]
[Result "1/2-1/2"]
[WhiteElo "2136"]
[BlackElo "1843"]

1.Nf3 Nf6 2.c4 g6 3.Nc3 Bg7 4.e4 d6 5.d4 O-O 6.Be2 e5 7.Be3 c6 8.d5 cxd5
9.cxd5 Nbd7 10.Nd2 Ne8 11.O-O f5 12.f3 Ndf6 13.Rc1 f4 14.Bf2 g5 15.Nc4 Nc7
16.Qb3 h5 17.Na5 g4 18.Nxb7 Qe7 19.Na5 Nh7 20.Nb1 Ne8 21.fxg4 hxg4 22.Rxc8 Rxc8
23.Bxg4 Rc7 24.Nc6 Qg5 25.Qh3 Nef6 26.Be6+ Kh8 27.Bf5 Bh6 28.Nd2 Qg7 29.Nf3 Ng5
30.Nxg5 Qxg5 31.Bh4 Qg7 32.Qf3 Nxd5 33.Nd8 Ne3  1/2-1/2

[Event "Dutch Open 2012"]
[Site "Dieren NED"]
[Date "2012.07.27"]
[Round "4.18"]
[White "Markus,J"]
[Black "Van Osch,Mees"]
[Result "0-1"]
[WhiteElo "2147"]
[BlackElo "2071"]

1.d4 Nf6 2.Nf3 g6 3.c4 Bg7 4.Nc3 O-O 5.e4 d6 6.Be2 e5 7.d5 Nbd7 8.O-O Nc5
9.Qc2 a5 10.Bg5 Bd7 11.Nd2 h6 12.Bh4 g5 13.Bg3 h5 14.h4 Ng4 15.hxg5 Qxg5
16.Nf3 Qh6 17.Bh4 f5 18.Nd2 Qg6 19.Bf3 f4 20.Nb3 Bf6 21.Bxf6 Qxf6 22.Nxc5 dxc5
23.d6 c6 24.Na4 Qh4 25.Rfe1 Nh2 26.Qc3 Bg4 27.Bxg4 hxg4 28.Nxc5 g3 29.f3 Ng4
30.Kf1 Qh1+ 31.Ke2 Qxg2+ 32.Kd1 Ne3+ 33.Rxe3 fxe3 34.Qxe3 Qxf3+ 35.Qxf3 Rxf3
36.Ke2 Rf2+ 37.Kd3 Raf8 38.Re1 R8f3+ 39.Re3 g2 40.d7 Rxe3+ 41.Kxe3 Rf8  0-1